Movies Quiz

Random Movies or Actor Quiz

What Movie? Actors' Movies by Tagline Quiz Stats

Quiz Updated Mar 14, 2013

Challenge
Share
Tweet
Embed
Score 0/45 Timer 09:00
3 Plays Today
% Correct
Independence Day
87.1%
Ocean's Eleven
85.6%
Night at the Museum
83.6%
Men in Black
82.9%
Catch Me If You Can
80.6%
Ali
80.2%
Die Hard
79.4%
Happy Gilmore
77.1%
I am Legend
75.6%
50 First Dates
74.9%
Dodgeball: A True Underdog Story
72.1%
Inception
72.1%
Gangs of New York
71.6%
Meet the Parents
71.1%
Fight Club
69.9%
The Da Vinci Code
68.8%
Edward Scissorhands
67.8%
Armageddon
67.5%
The Truman Show
66.8%
The Aviator
66.6%
Little Nicky
61.4%
Eternal Sunshine of the Spotless Mind
57.2%
The Beach
46.5%
% Correct
Sleepless in Seattle
45.3%
The Wedding Singer
42.6%
There's Something About Mary
42.6%
Bruce Almighty
41.8%
Man on the Moon
41.2%
The Longest Yard
38.7%
Saving Private Ryan
37.1%
The Curious Case of Benjamin Button
35.8%
Hitch
32.3%
Ed Wood
31%
Twelve Monkeys
28.6%
Pulp Fiction
26.9%
Finding Neverland
23.5%
Me, Myself & Irene
23.4%
Fear and Loathing in Las Vegas
22.9%
Donnie Brasco
22.1%
Snatch
21.8%
The Burbs
21.1%
Red
18.6%
The Green Mile
12.6%
The Royal Tenenbaums
11.8%
Babel
10.5%

You're not logged in!

Compare scores with friends on all Sporcle quizzes.
Join for Free
OR
Log In

You Might Also Like...

Show Comments

Extras

Top Quizzes Today


Score Distribution

Your Account Isn't Verified!

In order to create a playlist on Sporcle, you need to verify the email address you used during registration. Go to your Sporcle Settings to finish the process.

Report this User

Report this user for behavior that violates our Community Guidelines.

Details: